Постановления Комиссии Использования Совета Труда и Обороны №№ 4550-4599 с 8 по 29 декабря 1921 года

Доступно только в Электронных читальных залах Найти на картеНа карте
RUSMARC
00003743nac2a22002651x 450
0013e151cf0-eaf6-4fa5-a9e9-920b82810425
00520160519171019.0
100##$a20160331l19211921k y0rusy50 ca
1010#$arus
102##$aRU
105##$ay z |||||
1222#$ad19211208
$ad19211229
2001#$aПостановления Комиссии Использования Совета Труда и Обороны №№ 4550-4599 с 8 по 29 декабря 1921 года
$j8-29 декабря 1921
215##$a128 листов
251##$cДело
300##$aМашинописный текст
324##$aЗаверенные копии
330##$aВходит в раздел описи: Управление Делами Секретариат. I. Протоколы. е/ Комиссии СТО
461#0$1001ad6baeac-e292-4829-90d1-2f4f65796a62
$12001
$aСОВЕТ НАРОДНЫХ КОМИССАРОВ РСФСР (СНК РСФСР)
$1251
$cФонд
$1852
$j130
$gР
462#0$1001749580a7-5abb-40c4-a39c-e540631a040a
$12001
$a1921 г.
$vД. 488
$1251
$cОпись
$1852
$j5
60101$3RU\NLR\AUTH\661074810
$aРСФСР
$bСовет Народных Комиссаров
60101$3RU\NLR\AUTH\8810180019
$aРСФСР
$bКомиссия использования материальных ресурсов
801#0$aRU
$bGA_RF
801#1$aRU
$bНПО Опыт
$c20160331
$2rusmarc
801#2$aRU
$bПБ им. Б.Н. Ельцина
$c20160519
$gRCR
$2rusmarc
852##$aГА РФ
$j488
937##$d75020100
$hПБ
035##$aRuPRLIB51038194
Формат отображения